00601nam a2200181 a 4500008004100000020001500041050001300056100002000069245010600089260004000195300002100235350000900256490002400265650005700289650001400346650004400360710001500404120416s1997 ||||||||||||||||| || u a0821339346 aIBRD(08) aOliver, Raylynn10aModel living standards measurements study survey questionnaire for the countries of the former Soviet aWashington, D.C.:bWorld Bankc1997 axi, 119p. : ill. a0.00 aLSMS Working Papers aCOST AND STANDARD OF LIVING--FORMER SOVIET REPUBLICS aSTANDARDS 0aSOCIAL SURVEYS--FORMER SOVIET REPUBLICS aWorld Bank